Welcome to WEB OPAC of MRSPTU Central Library

Communication systems : An introduction to signals and noise in electrical communication (Record no. 6227)

MARC details
000 -LEADER
fixed length control field 00539nam a2200181Ia 4500
008 - FIXED-LENGTH DATA ELEMENTS--GENERAL INFORMATION
fixed length control field 230711s9999||||xx |||||||||||||| ||und||
020 ## - INTERNATIONAL STANDARD BOOK NUMBER
International Standard Book Number 978-0-07-132117-4
041 ## - LANGUAGE CODE
Language code of text/sound track or separate title ENG
082 ## - DEWEY DECIMAL CLASSIFICATION NUMBER
Classification number 621.382
Item number CA-C
100 ## - MAIN ENTRY--PERSONAL NAME
Personal name Carlson,A.Bruce
245 #0 - TITLE STATEMENT
Title Communication systems : An introduction to signals and noise in electrical communication
250 ## - EDITION STATEMENT
Edition statement 5th Ed.
260 ## - PUBLICATION, DISTRIBUTION, ETC.
Date of publication, distribution, etc. 2010
Place of publication, distribution, etc. New Delhi
Name of publisher, distributor, etc. McGraw Hill Education(India) Private Limited
300 ## - PHYSICAL DESCRIPTION
Extent 924p.
650 ## - SUBJECT ADDED ENTRY--TOPICAL TERM
Topical term or geographic name entry element Electrical Engineering
700 ## - ADDED ENTRY--PERSONAL NAME
Personal name Crilly,Paul B
942 ## - ADDED ENTRY ELEMENTS (KOHA)
Koha item type Book
Holdings
Withdrawn status Lost status Damaged status Not for loan Collection Home library Current library Date acquired Cost, normal purchase price Inventory number Total checkouts Full call number Barcode Date last seen Price effective from Koha item type
          MRSPTU Central Library MRSPTU Central Library   815.00 KBD/2016-2017/961042808   621.382 CA-C 35005 08/17/2023 08/17/2023 Book
          MRSPTU Central Library MRSPTU Central Library   815.00 KBD/2016-2017/961042808   621.382 CA-C 35006 08/17/2023 08/17/2023 Book
          MRSPTU Central Library MRSPTU Central Library   815.00 KBD/2016-2017/961042808   621.382 CA-C 35007 08/17/2023 08/17/2023 Book
          MRSPTU Central Library MRSPTU Central Library   815.00 KBD/2016-2017/961042808   621.382 CA-C 35008 08/17/2023 08/17/2023 Book
          MRSPTU Central Library MRSPTU Central Library   815.00 KBD/2016-2017/961042808   621.382 CA-C 35009 08/17/2023 08/17/2023 Book

Website Designed and Developed by MRSPTU Central Library Team

E-mail Id: librarian@mrsptu.ac.in